000 00532nam a2200193Ia 4500
005 20250508154257.0
008 008 250505s9999 xx 000 0 eng d
037 _aTextual
040 _aFEDL
_beng
_cFEDL
041 _aeng
_2eng
084 _a370.6, SHU
_qFEDL
100 _aShuster George N.
245 0 _aUNESCO : Assessment and promise
260 _aNew York, USA
_bHarper and Row Publishers
_c1963
300 _axiv,130p.
650 _aEducation
942 _cTEXL
_h370.6, SHU
999 _c1349319
_d1349319